000 00443nam a2200181 a 4500
001 1758620201475
003 YourLibrary
005 20250923150818.0
008 250923s2015##################000#0#eng##
020 _a9781632391643
082 0 4 _a577.05
_bOFF
100 1 _aOffit, Anne,
_eauthor.
245 1 0 _aEcosystems Biodiversity :
260 _c2015.
650 0 _aNature.
942 _cENGLISH
040 _aYourLibrary
_beng
_cYourLibrary
999 _c589037
_d589037